[Event "Oberliga Nord N 1718"]
[Site "Germany"]
[Date "2017.10.23"]
[Round "2.4"]
[White "Wenzel, Birger"]
[Black "Schmidt, Harald"]
[Result "0-1"]
[WhiteElo "2083"]
[BlackElo "2356"]
[PlyCount "102"]
[EventDate "2017.10.08"]
[EventType "team-tourn"]
[EventRounds "9"]
[EventCountry "GER"]
[SourceTitle "EXT 2019"]
[Source "ChessBase"]
[SourceDate "2018.10.10"]
[SourceVersion "1"]
[SourceVersionDate "2018.10.10"]
[SourceQuality "1"]
[WhiteTeam "Eppendorf Johanneum"]
[BlackTeam "Luebeck"]
[WhiteTeamCountry "GER"]
[BlackTeamCountry "GER"]

1. d4 d6 2. e4 Nf6 3. Nc3 Nbd7 4. Nf3 e5 5. Bc4 Be7 6. 0-0 0-0 7. h3 c6 8. a4 a5 9. Re1 h6 10. Ba2 Qc7 11. Be3 Re8 12. Qd2 Nf8 13. d5 Bd7 14. Qd3 Ng6 15. Nd2 c5 16. Bc4 Nh5 17. Bb5 Bg5 18. Nc4 Re7 19. Bxd7 Rxd7 20. Nb5 Qd8 21. g3 Ra6 22. Kf1 Qf6 23. Kg2 Ne7 24. h4 Bxe3 25. Nxe3 Qg6 26. Kh2 Ra8 27. Nf5 Nxf5 28. exf5 Qf6 29. Nc3 g6 30. fxg6 Qxf2+ 31. Kh3 c4 32. Qe3 Qf5+ 33. Kh2 Qxg6 34. Re2 f5 35. Rg1 Rg7 36. Reg2 Nf6 37. Qb6 Kh8 38. Qb5 Qg4 39. Nd1 Rag8 40. Nf2 Qd4 41. Rd1 Rxg3 42. Rxd4 Rxg2+ 43. Kh1 Rg1+ 44. Kh2 exd4 45. Qxc4 R1g2+ 46. Kh1 Rxf2 47. Qxd4 Rf1+ 48. Kh2 Kg7 49. Kg2 Re1 50. Qc3 Kf7+ 51. Kf2 Ne4+ 0-1

[Event "Lueneburg op-A"]
[Site "Lueneburg"]
[Date "2017.07.15"]
[Round "8"]
[White "Wenzel, Birger"]
[Black "Ewert, Hannes"]
[Result "1/2-1/2"]
[WhiteElo "2130"]
[BlackElo "2266"]
[PlyCount "111"]
[EventDate "2017.07.08"]
[EventType "swiss"]
[EventRounds "9"]
[EventCountry "GER"]
[SourceTitle "CBM 179 Extra"]
[Source "ChessBase"]
[SourceDate "2017.08.23"]
[SourceVersion "1"]
[SourceVersionDate "2017.08.23"]
[SourceQuality "1"]

1. d4 Nf6 2. c4 e6 3. Nc3 Bb4 4. e3 c6 5. Nge2 0-0 6. c5 d6 7. cxd6 Qxd6 8. a3 Ba5 9. b4 Bb6 10. g3 e5 11. Bg2 a5 12. b5 exd4 13. exd4 Bg4 14. Bf4 Qe6 15. 0-0 Re8 16. Re1 cxb5 17. d5 Qd7 18. Qd3 Na6 19. Nxb5 Nc5 20. Qc4 Nce4 21. Ned4 Rac8 22. Qd3 Qxd5 23. Be3 Bd7 24. a4 Qh5 25. Rab1 Bc5 26. Bf4 Bf5 27. Qf1 b6 28. Rbd1 Bb4 29. Re2 Bg6 30. f3 Nc3 31. Nxc3 Bxc3 32. Nb5 Qc5+ 33. Kh1 Rxe2 34. Qxe2 Re8 35. Qf1 Qb4 36. Nxc3 Qxc3 37. Bh3 h6 38. Rc1 Qb3 39. Qd1 Qa2 40. Bf1 Qf2 41. Bb5 Ng4 42. Qg1 Qxf3+ 43. Qg2 Qxg2+ 44. Kxg2 Be4+ 45. Kg1 Re6 46. Bd7 Rg6 47. Rc8+ Kh7 48. Bxg4 Rxg4 49. Rb8 g5 50. h3 Rxf4 51. gxf4 Bc6 52. Rxb6 Bxa4 53. fxg5 hxg5 54. Ra6 Bd7 55. Rxa5 Kg6 56. Kg2 1/2-1/2

[Event "Lueneburg op-A"]
[Site "Lueneburg"]
[Date "2017.07.10"]
[Round "3"]
[White "Wenzel, Birger"]
[Black "Grabarczyk, Miroslaw"]
[Result "1/2-1/2"]
[WhiteElo "2130"]
[BlackElo "2447"]
[PlyCount "99"]
[EventDate "2017.07.08"]
[EventType "swiss"]
[EventRounds "9"]
[EventCountry "GER"]
[SourceTitle "CBM 179 Extra"]
[Source "ChessBase"]
[SourceDate "2017.08.23"]
[SourceVersion "1"]
[SourceVersionDate "2017.08.23"]
[SourceQuality "1"]

1. d4 d5 2. c4 e6 3. Nc3 Nf6 4. cxd5 exd5 5. Bg5 c6 6. e3 Be7 7. Bd3 Bg4 8. Nge2 Nbd7 9. h3 Bh5 10. f4 Bxe2 11. Qxe2 h6 12. Bxf6 Nxf6 13. g4 Bb4 14. 0-0 Bxc3 15. bxc3 Qe7 16. e4 Nxe4 17. Bxe4 dxe4 18. Rae1 0-0 19. Qxe4 Qa3 20. Qc2 c5 21. Qb3 Qxb3 22. axb3 cxd4 23. cxd4 Rfe8 24. Kf2 Kf8 25. Kf3 Rad8 26. Rxe8+ Kxe8 27. Ke4 Kd7 28. Ra1 a6 29. h4 Re8+ 30. Kd3 Re6 31. h5 Rf6 32. Ke4 Rb6 33. g5 Rxb3 34. Rh1 Rb6 35. Rg1 Re6+ 36. Kd5 Rd6+ 37. Ke4 a5 38. f5 hxg5 39. Rxg5 a4 40. Rxg7 Ke7 41. Rg1 a3 42. Ra1 Ra6 43. h6 Kf6 44. Rg1 Ra8 45. h7 Re8+ 46. Kd5 Rh8 47. Ra1 Rxh7 48. Rxa3 Kxf5 49. Rb3 Kg4 50. Ke4 1/2-1/2